| 000 | 00640nam a22001817a 4500 | ||
|---|---|---|---|
| 005 | 20260209143628.0 | ||
| 008 | 260209b |||||||| |||| 00| 0 eng d | ||
| 020 | _a9789355738783 | ||
| 040 | _cVITAP | ||
| 082 |
_223rd Ed. _a657.3 NAR |
||
| 100 |
_aNarasimhan, M.S. _917026 |
||
| 245 |
_aFinancial Statements and Analysis _c/ M. S. Narasimhan |
||
| 250 | _a2nd Ed. | ||
| 260 |
_aNew Delhi _bCengage Learning India Pvt. Ltd. _c2025 |
||
| 300 | _aviii, Chap. (1.1 - 7.23)p. : ill. ; 24cm | ||
| 650 | 0 |
_aFinancial statements; Financial statement analysis; Accounting; Corporate finance; Management accounting _917028 |
|
| 942 |
_2ddc _cBK |
||
| 999 |
_c47250 _d47250 |
||